000 00222nam a2200097Ia 4500
008 190216s9999||||xx |||||||||||||| ||und||
100 _aAbbas Muhamed
245 0 _aHaquiqul Islam Wa Abthala Kusmila
260 _bNull
942 _cBK
999 _c97
_d97